000 00272nam a2200109Ia 4500
005 20251222143251.0
008 251222s9999||||xx |||||||||||||| ||spa||
082 _a726.2/M91A
245 0 _aL' Architecture, Algerienne
264 _bMinistére de l'Information
942 _cLIB
999 _c14964
_d14964